Test Your Mental Strength - Statistics

General Stats
  • This quiz has been taken 71 times
  • The average score is 7 of 18
Answers on the Map
Answers color-coded by a green-red scale on the quiz's map according to % correct below.
 
Answer Stats
Ranking Hint Answer % Correct
Puny Arms How many countries are on the Countries of the World quiz? 196
100%
Puny Arms What is the farthest planet in the Solar System from the Sun? Neptune
86%
Puny Arms Who replaced Bob Barker as host of The Price is Right in 2007? Drew Carey
56%
Puny Arms What 1995 Pixar film was the first to be completely computer animated? Toy Story
54%
Puny Arms Who was both a contributor to Rolling Stone magazine and the writer of Jerry Maguire? Cameron Crowe
42%
Average Joe Who was pirate Edward Teach better known as? Blackbeard
39%
Average Joe Who was the creator of the Hitchhiker's Guide to the Galaxy radio series and novels? Douglas Adams
39%
Average Joe What inventor, famous for the invention of the telephone, also created an early metal detector? Alexander Graham Bell
36%
Average Joe What country almost completely surrounds Gambia? Senegal
36%
Average Joe Emmental cheese, famous for its "eyes", is more commonly known as what in North America? Swiss Cheese
36%
Average Joe What baseball player won the American League MVP in 2014, 2016, and 2019? Mike Trout
34%
Mr. Muscles What was the name of the record label founded by the Beatles in 1968? Apple Records
27%
Mr. Muscles What design firm created the cover art for Pink Floyd's The Dark Side of the Moon? Hipgnosis
27%
Mr. Muscles What George A. Romero horror film grossed over 250 times its 114,000 dollar budget? Night of the Living Dead
27%
Mr. Muscles The rock band the Doors were named after a book by what Brave New World author? Aldous Huxley
25%
Mr. Muscles The phrase "back to the drawing board" was coined in a cartoon in what magazine? The New Yorker
24%
Mr. Muscles Who set many of his books, including Slaughterhouse-Five, in the fictional town of Illum, New York? Kurt Vonnegut
22%
Strongman What is the name of the French equivalent of the Oscar Award? César Award
10%
No matching quizzes found
Score Distribution
Percent of People with Each Score
Percentile by Number Answered
Your Score History
You have not taken this quiz